<?xml version="1.0" encoding="UTF-8"?><?xml-stylesheet type="text/xsl" href="static/style.xsl"?><OAI-PMH xmlns="http://www.openarchives.org/OAI/2.0/" xmlns:xsi="http://www.w3.org/2001/XMLSchema-instance" xsi:schemaLocation="http://www.openarchives.org/OAI/2.0/ http://www.openarchives.org/OAI/2.0/OAI-PMH.xsd"><responseDate>2026-04-29T04:08:47Z</responseDate><request verb="GetRecord" identifier="oai:repisalud.isciii.es:20.500.12105/10501" metadataPrefix="marc">https://repisalud.isciii.es/rest/oai/request</request><GetRecord><record><header><identifier>oai:repisalud.isciii.es:20.500.12105/10501</identifier><datestamp>2024-05-21T11:02:19Z</datestamp><setSpec>com_20.500.12105_2203</setSpec><setSpec>com_20.500.12105_2202</setSpec><setSpec>col_20.500.12105_19505</setSpec><setSpec>col_20.500.12105_19585</setSpec></header><metadata><record xmlns="http://www.loc.gov/MARC21/slim" xmlns:dcterms="http://purl.org/dc/terms/" xmlns:doc="http://www.lyncode.com/xoai" xmlns:xsi="http://www.w3.org/2001/XMLSchema-instance" xsi:schemaLocation="http://www.loc.gov/MARC21/slim http://www.loc.gov/standards/marcxml/schema/MARC21slim.xsd">
   <leader>00925njm 22002777a 4500</leader>
   <datafield ind2=" " ind1=" " tag="042">
      <subfield code="a">dc</subfield>
   </datafield>
   <datafield ind2=" " ind1=" " tag="720">
      <subfield code="a">Instituto de Salud Carlos III. Centro Nacional de Epidemiología</subfield>
      <subfield code="e">author</subfield>
   </datafield>
   <datafield ind2=" " ind1=" " tag="260">
      <subfield code="c">2012-05-06</subfield>
   </datafield>
   <datafield ind2=" " ind1=" " tag="520">
      <subfield code="a">En la semana 18/2012 la tasa global de incidencia de gripe es de 8,35 casos por 100.000 habitantes, por debajo del
 umbral basal de esta temporada.
La incidencia de gripe se mantiene estable en todos los grupos de edad.
El porcentaje de muestras centinela positivas a virus gripales es de 23%, lo que indica que todavía existe circulación
de virus de la gripe en España.
Se detecta una circulación absoluta de virus de la gripe B.
Desde la semana 40/2011 se han notificado 601 casos graves hospitalizados confirmados de gripe en dieciséis
CCAA, un 95% por virus de la gripe A (99% de A(H3), entre los subtipados) y un 5% por virus B. El mayor número
de casos se registra en los mayores de 64 años (41%), seguido de los menores de 5 años (28%).
Desde el inicio de la temporada 2011-12 se han registrado 47 defunciones en casos graves hospitalizados confirmados de gripe, el 90% mayores de 44 años.
En la mayor parte de las regiones templadas del hemisferio norte la actividad gripal está en fase de descenso. El
tipo de virus gripal que se ha detectado con más frecuencia ha sido el A(H3N2), aunque en EUA, Canadá y Méjico
continúa co-circulando el virus A(H1N1)pdm09. En el norte de China y Mongolia la proporción de detecciones virales
A(H3N2) ha superado a la de virus tipo B, mientras que en la República de Corea continúa circulando de forma
predominante el virus B.</subfield>
   </datafield>
   <datafield ind1="8" ind2=" " tag="024">
      <subfield code="a">http://hdl.handle.net/20.500.12105/10501</subfield>
   </datafield>
   <datafield tag="653" ind2=" " ind1=" ">
      <subfield code="a">Gripe</subfield>
   </datafield>
   <datafield tag="653" ind2=" " ind1=" ">
      <subfield code="a">Vigilancia Epidemiológica</subfield>
   </datafield>
   <datafield ind2="0" ind1="0" tag="245">
      <subfield code="a">Informe semanal de Vigilancia de la Gripe en España Semana 18/2012 (30 de abril - 6 de mayo 2012) Nº 308. 10 de mayo de 2012</subfield>
   </datafield>
</record></metadata></record></GetRecord></OAI-PMH>